000 01076nas a2200301 4500
001 BR2012004630
003 BR-BrBNA
005 20231205120753.0
007 ta
008 230509b bl.|||p| |||| 00| 00por d
040 _aBR-BrBNA
_bpor
_cBiblioteca Nacional de Agricultura
041 _a(Pt)
072 _aL73
100 1 _aBezerra, A.C.A.
100 1 _aFeijó, F.M.C.
100 1 _aSilva, J.S. e
100 1 _aAvelino, D.B.
245 1 _aCorrelação entre o "California mastitis test" e os agentes microbianos de mastites em caprinos no estado do Rio Grande do Norte
246 1 _aCorrelation between the California mastitis test and the microbial agents of mastitis in dairy goat herds of the Rio Grande do Norte state
650 _aCAPRINO
650 _aMAMITE
650 _aDOENÇA ANIMAL
650 _aBACTÉRIA
650 _aTESTE DE MAMITE
773 0 _tRevista Brasileira de Medicina Veterinária (Brazil)
_xISSN 0100-2430
_g(Oct-Dec 2006), v. 28(4) p. 160-165
_wBR2012004630
909 _a202311
_bLúcia
_c55
_dLúcia Elande
942 _2AGRIS
_n0
_cANA
999 _c220225
_d220225